Juegos de Pokémon - Estadísticas

Estadísticas generales
  • Esta prueba ha sido intentada 1.765 veces
    1.289 desde el último reinicio
  • La puntuación promedio es 27 de 38
Estadísticas de respuestas
Grupo Año Respuesta % Correcto
Game Boy 1999 Pokémon rojo
94%
Game Boy 1999 Pokémon azul
93%
Game Boy 2000 Pokémon amarillo
90%
Game Boy Advance 2003 Pokémon rubí
86%
Nintendo DS 2007 Pokémon diamante
85%
Nintendo Switch 2 2025 Pokémon Z-A
85%
Nintendo DS 2011 Pokémon blanco
84%
Game Boy Advance 2005 Pokémon esmeralda
84%
Nintendo DS 2011 Pokémon negro
84%
Game Boy Color 2001 Pokémon oro
84%
Game Boy Color 2001 Pokémon plata
83%
Game Boy Advance 2003 Pokémon zafiro
83%
Nintendo 3DS 2016 Pokémon luna
78%
Nintendo 3DS 2016 Pokémon sol
78%
Nintendo 3DS 2013 Pokémon X
78%
Nintendo 3DS 2013 Pokémon Y
78%
Nintendo DS 2007 Pokémon perla
77%
Nintendo Switch 2019 Pokémon espada
73%
Nintendo DS 2009 Pokémon platino
73%
Nintendo Switch 2019 Pokémon escudo
72%
Game Boy Advance 2004 Pokémon rojo fuego
70%
Game Boy Advance 2004 Pokémon verde hoja
68%
Nintendo Switch 2022 Pokémon escarlata
66%
Nintendo DS 2012 Pokémon blanco 2
64%
Nintendo DS 2012 Pokémon negro 2
64%
Nintendo Switch 2022 Pokémon púrpura
64%
Nintendo Switch 2022 Leyendas Pokémon: Arceus
63%
Nintendo 3DS 2014 Pokémon rubí omega
62%
Nintendo 3DS 2017 Pokémon ultraluna
61%
Nintendo 3DS 2017 Pokémon ultrasol
61%
Nintendo 3DS 2014 Pokémon zafiro alfa
60%
Nintendo Switch 2018 Pokémon Let's Go, Pikachu!
57%
Nintendo Switch 2018 Pokémon Let's Go, Eevee!
56%
Game Boy Color 2001 Pokémon cristal
55%
Nintendo DS 2010 Pokémon oro HeartGold
53%
Nintendo DS 2010 Pokémon plata SoulSilver
53%
Nintendo Switch 2021 Pokémon diamante brillante
51%
Nintendo Switch 2021 Pokémon perla reluciente
51%
No se encontraron pruebas coincidentes
Distribución de puntuación
Porcentaje de gente con cada puntuación
Porcentaje por número respondido
Historial de tus puntuaciones
No has intentado esta prueba desde el último reinicio